| 000 | 00701nam a22002177a 4500 | ||
|---|---|---|---|
| 999 |
_c7844 _d7844 |
||
| 003 | OSt | ||
| 005 | 20220322111618.0 | ||
| 008 | 220322b ||||| |||| 00| 0 eng d | ||
| 020 | _a0521844932 | ||
| 040 | _cDDC. | ||
| 082 | _a510 BAR 2006 | ||
| 100 |
_aBarnsley, Michael Fielding _915955 |
||
| 245 | _aSuperfractals. | ||
| 260 |
_aCambridge : _bCambridge University Press; _c2006. |
||
| 300 |
_aix, 453 p. : _b ill. (chiefly col.) ; _c26 cm |
||
| 504 | _aIncludes bibliographical references and index. | ||
| 650 |
_aFractals. _915956 |
||
| 650 |
_aComputer graphics -- Mathematics. _915957 |
||
| 650 |
_aImage processing -- Digital techniques -- Mathematics. _915958 |
||
| 942 |
_2ddc _cO_SHELF |
||